<?xml version="1.0" encoding="UTF-8"?>
<marc:record xmlns:marc="http://www.loc.gov/MARC21/slim">
   <marc:leader>00000nam a2200000 a 4500</marc:leader>
   <marc:datafield ind1="1" ind2=" " tag="100">
      <marc:subfield code="a">Nilsson, Ulf</marc:subfield>
      <marc:subfield code="4">aut</marc:subfield>
      <marc:subfield code="e">Verfasser/-in</marc:subfield>
   </marc:datafield>
   <marc:datafield ind1="1" ind2=" " tag="100">
      <marc:subfield code="a">Eriksson, Eva</marc:subfield>
      <marc:subfield code="4">aut</marc:subfield>
      <marc:subfield code="e">Verfasser/-in</marc:subfield>
   </marc:datafield>
   <marc:datafield ind1="0" ind2="0" tag="245">
      <marc:subfield code="a">Der beste Sänger der Welt</marc:subfield>
   </marc:datafield>
   <marc:datafield ind1="0" ind2="0" tag="245">
      <marc:subfield code="c">Ulf Nilsson ; Eva Eriksson. Aus dem Schwed. von Ole Könnecke</marc:subfield>
   </marc:datafield>
   <marc:datafield ind1=" " ind2="1" tag="264">
      <marc:subfield code="a">Frankfurt am Main</marc:subfield>
      <marc:subfield code="b">Moritz</marc:subfield>
      <marc:subfield code="c">2012</marc:subfield>
   </marc:datafield>
   <marc:datafield ind1=" " ind2=" " tag="250">
      <marc:subfield code="a">1. Ausg.</marc:subfield>
   </marc:datafield>
   <marc:datafield ind1="1" ind2=" " tag="520">
      <marc:subfield code="a">Lampenfieber! Als einsamer Maulwurf auf der Bühne zu stehen, liegt nicht jedem. Da ist es gut, wenn man einen kleinen Bruder hat, der an einen glaubt  Viele kennen das Gefühl aus der Schule: Auf einer Bühne stehen müssen, im Rampenlicht etwas sagen müssen, Angst vorm Fehlermachen, Textvergessen, Sichverhaspeln  Auch dem Icherzähler in diesem Buch geht es so: Nur einen einzigen Satz soll er beim Kindergartenfest auf der Bühne sagen, doch im entscheidenden Moment rennt er davon und versteckt sich in der Garderobe. Zum Glück hat er einen kleinen Bruder, der fest an ihn glaubt und ihn auf die Bühne zurückholt. Laut und deutlich gibt er seinen Satz zum Besten. Und weil es so schön ist, timmt er gleich noch das selbstgedichtete Liedchen an, das er sonst nur seinem Bruder vorsingt! Ulf Nilsson hat wieder eine Geschichte geschrieben, die sich großartig in Kinderseelen einfühlt und dabei voller Sprachwitz steckt. Und Eva Erikssons Bilder geben die Stimmung so perfekt wieder, wie nur ihr Strich das schafft. (Verlagstext)</marc:subfield>
   </marc:datafield>
   <marc:datafield ind1=" " ind2=" " tag="020">
      <marc:subfield code="a">9783895652493</marc:subfield>
      <marc:subfield code="9">9783895652493</marc:subfield>
   </marc:datafield>
   <marc:datafield ind1=" " ind2=" " tag="041">
      <marc:subfield code="a">ger</marc:subfield>
   </marc:datafield>
   <marc:datafield ind1=" " ind2=" " tag="300">
      <marc:subfield code="a">[40] S. : überw. Ill</marc:subfield>
   </marc:datafield>
</marc:record>
